00482nam a2200157Ia 4500008004100000020001800041082001400059100002000073245003500093250000800128260007000136300002800206500001900234600002100253650005000274240925s9999 xx 000 0 und d a9789351344728 a004.6 HAL aHallberg, Bruce 0aNetworking: A Beginner's Guide a6th aNew Delhi:bMcGraw Hill Education (India) Private Limitedc,2014. axxv, 563p.b0fOriginal aIncludes Index aComputer Science aComputer science, information & general works